Вертикальная (осева) зональность Калгутинского W-MO грейзеново-жильного месторождения; Проблемы геологии и географии Сибири; Вып. 3 (III): Геохимия и минералогия. Петрология. Металлогения. Геология и экономика минерального сырья

Xehetasun bibliografikoak
Parent link:Проблемы геологии и географии Сибири: Материалы научной конференции, посвященной 125-летию основания Томского государственного университета и 70-летию образования геолого-географического факультета 2-4 апреля 2003 г./ ТГУ.— , 2003-
Вып. 3 (III): Геохимия и минералогия. Петрология. Металлогения. Геология и экономика минерального сырья.— 2003.— С. 80-82
Egile nagusia: Котегов В. И.
Hizkuntza:errusiera
Argitaratua: 2003
Gaiak:
Formatua: Liburu kapitulua
KOHA link:https://koha.lib.tpu.ru/cgi-bin/koha/opac-detail.pl?biblionumber=104174

MARC

LEADER 00000naa2a2200000 4500
001 104174
005 20231031113858.0
035 |a (RuTPU)RU\TPU\book\112291 
090 |a 104174 
100 |a 20061026d2003 k y0rusy50 ca 
101 0 |a rus 
102 |a RU 
200 1 |a Вертикальная (осева) зональность Калгутинского W-MO грейзеново-жильного месторождения  |f В. И. Котегов 
320 |a Библиогр.: 5 назв. 
461 0 |0 (RuTPU)RU\TPU\book\59582  |t Проблемы геологии и географии Сибири  |o Материалы научной конференции, посвященной 125-летию основания Томского государственного университета и 70-летию образования геолого-географического факультета 2-4 апреля 2003 г.  |f ТГУ  |d 2003-   |s Науки о Земле: геология, география, метеорология, геодезия 
463 0 |0 (RuTPU)RU\TPU\book\56947  |t Вып. 3 (III): Геохимия и минералогия. Петрология. Металлогения. Геология и экономика минерального сырья  |v С. 80-82  |d 2003  |p 315 с. 
610 1 |a зональность 
610 1 |a месторождения 
610 1 |a грейзеново-жильные месторождения 
610 1 |a Калугинское месторождение 
610 1 |a оруденение 
610 1 |a коэффициент зональности 
610 1 |a труды учёных ТПУ 
700 1 |a Котегов  |b В. И. 
801 1 |a RU  |b 63413507  |c 20061026  |g PSBO 
801 2 |a RU  |b 63413507  |c 20100407  |g RCR 
942 |c BK